| 000 | 01272nac a22004217a 4500 | ||
|---|---|---|---|
| 001 | BR0003725 | ||
| 003 | BR-BrBNA | ||
| 005 | 20240105122445.0 | ||
| 008 | 230509b bl.|||m| |||| 00| 0 por d | ||
| 040 |
_aBR-BrBNA _bpor _cBiblioteca Nacional de Agricultura |
||
| 072 | _aN20 | ||
| 090 | _a4530 BR0003725 | ||
| 100 | 1 | _aCasao Junior, R. | |
| 100 | 1 | _aRalisch, R. | |
| 100 | 1 | _aAraujo, A.G. de | |
| 100 | 1 | _aMedeiros, O.B. de | |
| 100 | 1 | _aMonice, R. | |
| 100 | 1 | _aSiqueira, R. | |
| 100 | 1 | _aSilva, A.L. da | |
| 100 | 1 | _aLadeira, A. de S. | |
| 100 | 1 | _aSilva, J.C. da | |
| 100 | 1 | _aMachado, P. | |
| 100 | 1 | _aRossetto, R. | |
| 110 | 1 |
_aInstituto Agronomico do Parana, Londrina (Brasil) _95630 |
|
| 245 | 1 | _aDesempenho das semeadoras-adubadoras MPS 1600 e MPS 1000 Imasa em solos argilosos | |
| 260 | 3 |
_aLondrina, PR (Brasil): _c2000. |
|
| 300 | _a44 p. | ||
| 490 |
_aCircular - Instituto Agronomico do Parana (Brazil) _vno. 111 _xISSN 0100-3356 |
||
| 500 | _a10 ref.; 17 illus.; 14 tables | ||
| 650 | _aSemeadeira | ||
| 650 | _aAdubadeira | ||
| 650 | _aPerformance | ||
| 650 | _aPlantio Direto | ||
| 650 | _aSolo Argiloso | ||
| 650 | _aEquipamento Agricola | ||
| 909 |
_a202312 _bLúcia Elande _c55 _dLúcia Elande |
||
| 942 |
_2AGRIS _n0 _cMS |
||
| 999 |
_c291138 _d291138 |
||